<?xml version="1.0" encoding="UTF-8"?>
<marc:record xmlns:marc="http://www.loc.gov/MARC21/slim">
   <marc:leader>00000nam a2200000 a 4500</marc:leader>
   <marc:datafield ind1="1" ind2=" " tag="100">
      <marc:subfield code="a">Muszynski, Eva</marc:subfield>
      <marc:subfield code="4">aut</marc:subfield>
      <marc:subfield code="e">Verfasser/-in</marc:subfield>
   </marc:datafield>
   <marc:datafield ind1="1" ind2=" " tag="100">
      <marc:subfield code="a">Teich, Karsten</marc:subfield>
      <marc:subfield code="4">aut</marc:subfield>
      <marc:subfield code="e">Verfasser/-in</marc:subfield>
   </marc:datafield>
   <marc:datafield ind1="0" ind2="0" tag="245">
      <marc:subfield code="a">Trudel Gedudel foppt den Fuchs</marc:subfield>
   </marc:datafield>
   <marc:datafield ind1="0" ind2="0" tag="245">
      <marc:subfield code="c">Eva Muszynski ; Karsten Teich</marc:subfield>
   </marc:datafield>
   <marc:datafield ind1=" " ind2="1" tag="264">
      <marc:subfield code="a">München</marc:subfield>
      <marc:subfield code="b">cbj</marc:subfield>
      <marc:subfield code="c">2020</marc:subfield>
   </marc:datafield>
   <marc:datafield ind1="1" ind2=" " tag="520">
      <marc:subfield code="a">Quelle: bn.bibliotheksnachrichten (http://www.biblio.at/literatur/bn/index.html); #Autor: Sabine Eidenberger; #Ein mutiges Huhn erlebt allerhand Abenteuer. (ab 5) (JE)#Im zweiten Band der Reihe um die Henne Trudel Gedudel geht es wieder spannend zu. Trudel beschließt, den Hühnerhof zu verlassen und macht einen Ausflug an den Strand. Zusammen mit der Möwe Gräten-Käthe und Herrn Klautermann, einer Schiffsratte, begibt sie sich dann mit vielen Umwegen wieder auf die Heimreise. Sie amüsieren sich köstlich, denn Herr Klautermann hat allerhand aberwitziges Seemannsgarn auf Lager, schließlich war er schon überall auf der Welt.#Währenddessen suchen der Hahn Karuso und die beiden Zwillings-Puten Ete und Petete nach dem abenteuerlustigen Huhn. Sie haben große Angst um Trudel, schließlich ist draußen der Fuchs. Doch dann geraten die beiden selber auf die falsche Seite des Zauns!#Eine lustige Geschichte zum Vorlesen - am besten am Strand - für kleine Zuhörer ab 5 Jahren oder auch zum ersten Selberlesen. Wunderbar illustriert, daher gibt es auch viel zum Schauen und selber Beschreiben. Für alle Bestände empfehlenswert.</marc:subfield>
   </marc:datafield>
   <marc:datafield ind1=" " ind2=" " tag="020">
      <marc:subfield code="a">9783570175934</marc:subfield>
      <marc:subfield code="9">9783570175934</marc:subfield>
   </marc:datafield>
   <marc:datafield ind1=" " ind2=" " tag="041">
      <marc:subfield code="a">ger</marc:subfield>
   </marc:datafield>
   <marc:datafield ind1=" " ind2=" " tag="300">
      <marc:subfield code="a">[88] S.</marc:subfield>
   </marc:datafield>
</marc:record>
